000 00409nam a22001697a 4500
005 20250319151857.0
008 250319b |||||||| |||| 00| 0 eng d
020 _a9780749413835
050 _aHD31
_b ARM
100 _aArmstrong, Michael
245 _aHow to be an even better manager
250 _a4th
260 _bKogan Page
_cc1994
300 _a328p
500 _aincludes index
942 _2lcc
_cBK
_n0
999 _c4961
_d4961